000 00953 a2200265 4500
005 20180312141948.0
008 131024s1991 sp a br|||| 00| 0 spa d
020 _a8423639851
040 _aCO-BoUCM
_bspa
_cJose A. Gerena
_dJose A. Gerena
041 0 0 _aspa
100 1 _aDunbar, Joyce
_948954
245 1 0 _aPatatas y tomates
_cJoyce Dunbar ; ilustraciones de Conxita Rodríguez
250 _a4a ed
260 _c1991
_bEdebé
_aBarcelona (España)
300 _a30 páginas
_bilustraciones a color
490 _aTren azul
_aPrimeros lectores
_v4
650 7 _918516
_aLibros ilustrados para niños
650 7 _918524
_aLibros y lectura para niños
650 7 _937709
_aLiteratura infantil inglesa
650 7 _98839
_aAlimentos
_xLiteratura infantil
690 _942863
_aLiteratura europea
700 1 _arodríguez, Conxita
_eilustrador
_948955
942 _a18
_cLIBRO
_e4
_mD898
_2DEWEY
_h828.914
_n0
999 _c182723
_d182723